000 01324nam0a22002771 4500
001 rc\4404737
005 20250611170437.0
035 _a(NLR Aleph) 008300056
090 _a8630324
_c8630324
100 _a20130416d1957 |||y0rusy50 ca
101 0 _arus
102 _aRU
105 _aa b |||||
200 1 _aОтчет по научно-исследовательской работе "Исследование возможности создания навигационного индикатора на переменном токе"
_fОтв. исполнитель инж.-подполк. Добротворский С.С.
_gИсполнители: инж.-подполк. Добротворский С.С., доц. канд. техн. наук Плотвинова В.А.
_gЛенингр. краснознам. воен.-воздуш. инж. акад. им. А.Ф. Можайского
210 _aЛенинград
_cБ. и.
_d1957
215 _a206 с.
_cчерт.
_d29
300 _aНа обл. авт. не указан
300 _aЛитогр.
320 _aБиблиогр.: с. 905-906
700 1 _aДобротворский
_bС.С.
701 1 _aПлотвинова
_bВ.А.
801 0 _aRU
_bNLR
_gpsbo
801 1 _aRU
_bELAR
_2rusmarc
852 _aNLR
_j57-8/582
942 _cBOOK
980 _aNB